000 00437nam a2200133Ia 4500
008 231129s1986||||xx |||||||||||||| ||spa||
040 _bspa
082 _a[EN PROCESO DE DESCARTE] 158 V432t
100 _aVela Jesus Andres
245 0 _aTecnicas y practica de las relaciones humanas : La experiencia vivencial de la dinamica de grupos
260 _c1986
264 _aBogotá Colombia: Indo-American Press Service
942 _2ddc
_cBKS
999 _c25102
_d25102